书目信息 |
| 题名: |
中国人容易理解错的英语常用词汇
|
|
| 作者: | 权太龙 , 甘露 , 乔培侠 主编 | |
| 分册: | ||
| 出版信息: | 长春 吉林科学技术出版社 2004.01 |
|
| 页数: | 469页 | |
| 开本: | 20cm | |
| 丛书名: | 立体图书 | |
| 单 册: | ||
| 中图分类: | H313 | |
| 科图分类: | ||
| 主题词: | 英语--ying yu--词汇--自学参考资料 | |
| 电子资源: | ||
| ISBN: | 7-5384-2624-8 | |
| 000 | 01153nam 2200301 450 | |
| 001 | 010233958391 | |
| 005 | 20050622163809.98 | |
| 010 | @a7-5384-2624-8@dCNY 18.00 | |
| 100 | @a20050518d2004 km y0chiy0120 ea | |
| 101 | 0 | @achi@aeng |
| 102 | @aCN@b220000 | |
| 105 | @ay z 000yy | |
| 200 | 1 | @a中国人容易理解错的英语常用词汇@Azhong guo ren rong yi li jie cuo de ying yu chang yong ci hui@f权太龙, 甘露, 乔培侠主编@Fquan tai long,gan lu,qiao pei xia zhu bian |
| 210 | @a长春@c吉林科学技术出版社@d2004.01 | |
| 215 | @a469页@d20cm | |
| 225 | 2 | @a立体图书@Ali ti tu shu |
| 312 | @a英文题名取自封面。 | |
| 330 | @a本书对学习英语过程中易犯的错误及较难掌握的语言点,进行深入浅出、举一反三的分析说明,以期达到解决学习中那些能用,但下笔又没有把握的疑难问题。 | |
| 333 | @a英语学习者 | |
| 410 | 0 | @12001 @a立体图书 |
| 510 | 1 | @aCommon English words difficult to understand for the Chinese@zeng |
| 606 | 0 | @a英语@Aying yu@x词汇@x自学参考资料 |
| 690 | @aH313@v4 | |
| 701 | 0 | @a权太龙@Aquan tai long@4主编 |
| 701 | 0 | @a甘露@Agan lu@4主编 |
| 701 | 0 | @a乔培侠@Aqiao pei xia@4主编 |
| 801 | 0 | @aCN@bRULIN@c20050622 |
| 905 | @a10447@dH313@eQ857 | |
| 中国人容易理解错的英语常用词汇/权太龙, 甘露, 乔培侠主编.-长春:吉林科学技术出版社,2004.01 |
| 469页;20cm.-(立体图书) |
| 使用对象:英语学习者 |
| ISBN 7-5384-2624-8:CNY 18.00 |
| 本书对学习英语过程中易犯的错误及较难掌握的语言点,进行深入浅出、举一反三的分析说明,以期达到解决学习中那些能用,但下笔又没有把握的疑难问题。 |
| ● |
| 相关链接 |
|
|
|
正题名:中国人容易理解错的英语常用词汇
索取号:H313/Q857
 
预约/预借
| 序号 | 登录号 | 条形码 | 馆藏地/架位号 | 状态 | 备注 |
| 1 | 499999 | 204999993 | 语言库209/209语言库 103排5列6层/ [索取号:H313/Q857] | 在馆 | |
| 2 | 520108 | 205201084 | 语言库209/209语言库 103排5列6层/ [索取号:H313/Q857] | 在馆 | |
| 3 | 520109 | 205201093 | 语言库209/209语言库 103排5列6层/ [索取号:H313/Q857] | 在馆 |